000 00660nam a22002177a 4500
003 DO-SdBNP
005 20180301132158.0
008 180301b 2001 pr 00| 0 spa d
020 _a188171585X
040 _aBPMSU
_bspa
_cBPMSU
100 1 _aTrelles, Melissa
245 1 0 _aEl vientre, la luna y la memoria /
_cMelissa Trelles.
260 _aSan Juan, Puerto Rico :
_bIsla Negra,
_c2001
300 _a98 p.
_c22 cm.
490 1 _aLa montaña de papel
500 _aIncluye dato de la autora en la solapa de la cubierta.
830 0 _aLa montaña de papel
942 _2ddc
_cBK
945 _aInventariado, 2018 /LP
956 _aLOPEREZ
_b10
_c20180301
_hBPMSU
999 _c13341
_d13341